Missing Word: TV DA - DZ Quiz Stats

 Plays Quiz Updated Aug 26, 2018

Score 0/19 Timer 04:00
0 Plays Today
TV Show Answer % Correct
Dawson's ___ (C)Creek
98.5%
Downton ___ (A)Abbey
98.4%
Dora the ___ (E)Explorer
97.4%
Doctors and ___ (N)Nurses
95.9%
The Dukes of ___ (H)Hazzard
95.4%
Doctor ___ (W)Who
94.7%
Diff'rent ___ (S)Strokes
92.7%
Diagnosis: ___ (M)Murder
91.3%
Dharma & ___ (G)Greg
90.7%
The Dead ___ (Z)Zone
88%
TV Show Answer % Correct
Devil You ___ (K)Know
84.8%
Darkwing ___ (D)Duck
79.3%
Dream ___ (T)Team
78.7%
Daniel ___ (B)Boone
75.9%
Dinner for ___ (F)Five
74.9%
Dexter's ___ (L)Laboratory
73.7%
Drake and ___ (J)Josh
60.3%
Death ___ (V)Valley
36.5%
Danny ___ (P)Phantom
25.4%

Today's Daily Dose

Missing Word
Celine Dion

Word Ladder
Dr. Seuss Books

Quick Pick
Cities in India

Get the Picture
'A' Actresses

You're not logged in!

Compare scores with friends on all Sporcle quizzes.
OR
Log In

Sporcle TV

Today on Sporcle TV


Watch our educational content, quiz creation guides, and fun videos on Sporcle TV.

Show Comments

Extras

Top Quizzes Today


Score Distribution

Your Account Isn't Verified!

In order to create a playlist on Sporcle, you need to verify the email address you used during registration. Go to your Sporcle Settings to finish the process.

Report this User

Report this user for behavior that violates our Community Guidelines.

Details: